<?xml version="1.0" encoding="UTF-8"?>
<record
    xmlns:xsi="http://www.w3.org/2001/XMLSchema-instance"
    xsi:schemaLocation="http://www.loc.gov/MARC21/slim http://www.loc.gov/standards/marcxml/schema/MARC21slim.xsd"
    xmlns="http://www.loc.gov/MARC21/slim">

  <leader>00592cam a22001691  4500</leader>
  <datafield tag="082" ind1="0" ind2="0">
    <subfield code="a">669.9</subfield>
    <subfield code="b">HAN</subfield>
    <subfield code="c">L-20, P-91</subfield>
  </datafield>
  <datafield tag="100" ind1="1" ind2=" ">
    <subfield code="a">Hanson, Albert.</subfield>
    <subfield code="9">44916</subfield>
  </datafield>
  <datafield tag="245" ind1="1" ind2="4">
    <subfield code="a">The engineer's guide to steel,</subfield>
    <subfield code="c">by Albert Hanson and J. Gordon Parr.</subfield>
  </datafield>
  <datafield tag="260" ind1=" " ind2=" ">
    <subfield code="a">Reading, Mass.,</subfield>
    <subfield code="b">Addison-Wesley Pub. Co.</subfield>
    <subfield code="c">[1965]</subfield>
  </datafield>
  <datafield tag="300" ind1=" " ind2=" ">
    <subfield code="a">viii, 406 p.</subfield>
    <subfield code="b">illus.</subfield>
    <subfield code="c">24 cm.</subfield>
  </datafield>
  <datafield tag="490" ind1="0" ind2=" ">
    <subfield code="a">Addison-Wesley series in metallurgy and materials</subfield>
  </datafield>
  <datafield tag="526" ind1=" " ind2=" ">
    <subfield code="a">0</subfield>
    <subfield code="b">0</subfield>
    <subfield code="c">0</subfield>
    <subfield code="d">669_900000000000000_HAN</subfield>
  </datafield>
  <datafield tag="650" ind1=" " ind2="0">
    <subfield code="a">MCE</subfield>
    <subfield code="9">379</subfield>
  </datafield>
  <datafield tag="650" ind1=" " ind2="0">
    <subfield code="a">Steel</subfield>
    <subfield code="x">Handbooks, manuals, etc.</subfield>
    <subfield code="9">44917</subfield>
  </datafield>
  <datafield tag="700" ind1="1" ind2=" ">
    <subfield code="a">Parr, James Gordon,</subfield>
    <subfield code="9">44918</subfield>
  </datafield>
  <datafield tag="942" ind1=" " ind2=" ">
    <subfield code="2">ddc</subfield>
    <subfield code="c">BK</subfield>
  </datafield>
  <datafield tag="999" ind1=" " ind2=" ">
    <subfield code="c">548569</subfield>
    <subfield code="d">548569</subfield>
  </datafield>
  <datafield tag="952" ind1=" " ind2=" ">
    <subfield code="0">0</subfield>
    <subfield code="1">0</subfield>
    <subfield code="2">ddc</subfield>
    <subfield code="4">0</subfield>
    <subfield code="7">0</subfield>
    <subfield code="a">MCE</subfield>
    <subfield code="b">MCE</subfield>
    <subfield code="d">2014-09-01</subfield>
    <subfield code="l">0</subfield>
    <subfield code="o">669.9 HAN</subfield>
    <subfield code="p">MCE-33361</subfield>
    <subfield code="r">2014-09-01</subfield>
    <subfield code="w">2014-09-01</subfield>
    <subfield code="y">BK</subfield>
  </datafield>
</record>
